LEADER 00989nam a2200241 u 4500 001 000000115308 003 CaOOAMICUS 005 20090415161622.0 008 090415s2003 fr u000 u fre r 020 $a2-02-058420-4 040 $aPUL$bita$dLDB 100 1 $aValadier, Paul,$cS.I.$0(OLS)http://pul/name/26609 245 13$aLa condition chrétienne du monde sans en être /$cPaul Valadier. 260 $aParis :$bÉditions du Seuil,$cc2003. 300 $a240 p. ;$c21 cm 504 $aBibliografia in nota. 650 4$aCristianesimo e società.$0(OLS)http://pul/subject/1182 850 $aPUL 852 $aPUL$W1$xSL Religione 3$y85$m248. 1 VALPA 3$j132055$qDDC 21$B131035$CPULBib$Z2$F131035 $H110077 $82 941 1 $a9 996 $6020$a2-02-058420-4$9(OLS)http://pul/number/140360 996 $6245$aLa condition chrétienne du monde sans en être$9(OLS)http://pul/title/144916 996 $6260$aParis :$bÉditions du Seuil$9(OLS)http://pul/publisher/54032 LEADER 01282nam a2200289 u 4500 001 000000082313 003 CaOOAMICUS 005 20070226123841.0 008 050411s1939 it u000 u ita u 035 $a11038533 040 $aPUL(R)$bita 041 1 $aita$hfre 100 1 $aBelloc, Hilaire,$d1870-1953.$0(OLS)http://pul/name/6319 245 13$aLa grande risposta alla domanda : esiste Dio ? /$cHilaire Belloc ; introduzione e traduzione di Pietro Bottini. 260 $a[Brescia] :$bMorcelliana,$c1939. 300 $a165 p. ;$c20 cm 490 1 $aIl pensiero cattolico moderno ;$v10 504 $aBibliografia in appendice. 650 4$aDio$xDottrina cristiana.$0(OLS)http://pul/subject/9476 700 1 $aBottini, Pietro.$0(OLS)http://pul/name/54697 830 3$aIl pensiero cattolico moderno ;$v10.$0(OLS)http://pul/title/1052 850 $aPUL 852 $aPUL$W1$xDP1 Fondo Cecchetti$y53$m260 J 51$j194480$nBK-PRI$b $qFondi$B104905$CPULBib$Z2$F104905 $81 852 $aPUL$W1$xDP1 Fondo Cecchetti$y53$m260 M 11$j194746$nBK-PRI$b $qFondi$B104904$CPULBib$Z2$F104904 $81 941 1 $a1 996 $6245$aLa grande risposta alla domanda : esiste Dio ?$9(OLS)http://pul/title/107586 996 $6260$a[Brescia] :$bMorcelliana$9(OLS)http://pul/publisher/51044